000 01007nam a22003377a 4500
001 BR0602824
003 BR-BrBNA
005 20230928102206.0
007 ta
008 230509b bl.||||| |||| 00| 0 por d
040 _aBR-BrBNA
_bpor
_cBiblioteca Nacional de Agricultura
041 _a(Por)
072 _aF30
_b2790
090 _ 2790 BR0602824
100 1 _aToledo, R.C.C.
110 1 _aUniversidade Federal de Lavras, MG (Brasil)
_0Tese (Mestrado)
245 1 _aCitologia e fertilidade de culturas monospóricas e resultados de cruzamentos do cogumelo Agaricus blazei CSI
260 3 _aLavras, MG (Brasil):
_c2006.
300 _a51 p.
500 _aSummaries (Eng, Por); 23 ref.; 19 tables; 6 illus.
650 _aCOGUMELO DO SOL
650 _aAGARICUS BLAZEI
650 _aPLANTA MEDICINAL
650 _aESPORO
650 _aGERMINAÇÃO
650 _aCITOLOGIA
650 _aFERTILIDADE
650 _aCRUZAMENTO VEGETAL
909 _a202309
_bLucia
_c55
_dLucia Elande
942 _cBK
999 _c69578
_d69578